000 00457nam a2200181Ia 4500
001 21016
005 20260306172848.0
008 260306t2018||||xx |||||||||||||| ||spa||
041 _aESP
082 _a343.985
_bL22
100 _aLanda Arroyo, César
_eAUT
245 0 _aLa constitucionalización del derecho:
_bel caso del Perú
260 _c2018
300 _a872 páginas :
_c24 cm.
650 _aGEN
654 _aCDE
942 _cLIB
_dJUS
_fJUS
_2ddc
_n
999 _c21016
_d21016